[Event "Balkan Youth Online-ch 2020"]
[Site "Online"]
[Date "2020.10.31"]
[Round "5.43"]
[White "Filippovskiy Nikita"]
[Black "Boci, Petro"]
[Result "0-1"]
[WhiteElo "1534"]
[BlackElo "1434"]
[Annotator "NA"]
[PlyCount "62"]
[EventDate "2020.10.31"]
[EventType "swiss"]
[SourceTitle "playchess.com"]
[Source "ChessBase"]
[SourceQuality "1"]
[TimeControl "1500+5"]

1. e4 {[%emt 0:00:00]} c5 {[%emt 0:00:00]} 2. Nf3 {[%emt 0:00:00]} Nc6 {[%emt 0:00:00]} 3. d4 {[%emt 0:00:00]} cxd4 {[%emt 0:00:00]} 4. Nxd4 {[%emt 0:00:00]} Nf6 {[%emt 0:00:00]} 5. Nc3 {[%emt 0:00:00]} e5 {[%emt 0:00:00]} 6. Ndb5 {[%emt 0:00:00]} d6 {[%emt 0:00:00]} 7. Nd5 {[%emt 0:00:00]} Nxd5 {[%emt 0:00:00]} 8. exd5 {[%emt 0:00:00]} Nb8 {[%emt 0:00:00]} 9. c4 {[%emt 0:00:00]} Be7 {[%emt 0:00:12]} 10. Bd3 {[%emt 0:00:00]} Nd7 {[%emt 0:00:19]} 11. Be3 {[%emt 0:00:00]} a6 {[%emt 0:04:38]} 12. Nc3 {[%emt 0:00:02]} Nf6 {[%emt 0:00:52]} 13. h3 {[%emt 0:02:23]} O-O {[%emt 0:01:32]} 14. Qc2 {[%emt 0:00:13]} Bd7 {[%emt 0:00:48]} 15. g4 {[%emt 0:00:29]} g6 {[%emt 0:02:42]} 16. Bh6 {[%emt 0:00:11]} Re8 {[%emt 0:00:03]} 17. O-O-O {[%emt 0:00:17]} b5 {[%emt 0:00:29]} 18. b3 {[%emt 0:00:21]} bxc4 {[%emt 0:00:27]} 19. bxc4 {[%emt 0:00:09]} Rb8 {[%emt 0:00:58]} 20. Kd2 {[%emt 0:00:13]} Qa5 {[%emt 0:00:21]} 21. Rb1 {[%emt 0:00:49]} Rbc8 {[%emt 0:02:38]} 22. Rb7 {[%emt 0:00:45]} Rc5 {[%emt 0:02:57]} 23. Be3 {[%emt 0:01:58]} Rcc8 {[%emt 0:00:38]} 24. g5 {[%emt 0:01:38]} Nxd5 {[%emt 0:00:49]} 25. Rxd7 {[%emt 0:01:33]} e4 {[%emt 0:00:54]} 26. cxd5 {[%emt 0:01:37]} exd3 {[%emt 0:00:03]} 27. Qxd3 {[%emt 0:01:30]} Rxc3 {[%emt 0:00:24]} 28. Qxc3 {[%emt 0:00:12]} Qxd5+ {[%emt 0:00:00]} 29. Bd4 {[%emt 0:00:59]} Bxg5+ {[%emt 0:00:11]} 30. Kc2 {[%emt 0:00:44]} Qxa2+ {[%emt 0:00:22]} 31. Kd1 {[%emt 0:00:57]} Qe2# {[%emt 0:00:08]} 0-1

[Event "Balkan Youth Online-ch 2020"]
[Site "Online"]
[Date "2020.10.31"]
[Round "5.44"]
[White "Cani, Dejvi"]
[Black "Mitkov, Simeon-Alekzander"]
[Result "1-0"]
[WhiteElo "1188"]
[BlackElo "1319"]
[Annotator "NA"]
[PlyCount "127"]
[EventDate "2020.10.31"]
[EventType "swiss"]
[SourceTitle "playchess.com"]
[Source "ChessBase"]
[SourceQuality "1"]
[TimeControl "1500+5"]

1. e4 {[%emt 0:00:00]} c5 {[%emt 0:00:00]} 2. Nf3 {[%emt 0:00:14]} e6 {[%emt 0:00:00]} 3. d4 {[%emt 0:00:12]} cxd4 {[%emt 0:00:00]} 4. Nxd4 {[%emt 0:00:01]} Nf6 {[%emt 0:00:00]} 5. Nc3 {[%emt 0:00:25]} d6 {[%emt 0:00:00]} 6. Bd3 {[%emt 0:00:06]} a6 {[%emt 0:00:17]} 7. O-O {[%emt 0:00:05]} b5 {[%emt 0:00:00]} 8. a3 {[%emt 0:00:02]} Bb7 {[%emt 0:00:00]} 9. Bg5 {[%emt 0:00:05]} Be7 {[%emt 0:00:00]} 10. f4 {[%emt 0:00:40]} h6 {[%emt 0:00:01]} 11. Bxf6 {[%emt 0:00:07]} Bxf6 {[%emt 0:00:00]} 12. Nf3 {[%emt 0:00:00]} Nd7 {[%emt 0:00:00]} 13. Qe2 {[%emt 0:00:18]} O-O {[%emt 0:00:18]} 14. Rad1 {[%emt 0:00:08]} Qb6+ {[%emt 0:00:02]} 15. Kh1 {[%emt 0:00:07]} Rac8 {[%emt 0:00:06]} 16. Qd2 {[%emt 0:00:30]} Nc5 {[%emt 0:00:29]} 17. Rde1 {[%emt 0:00:42]} Nxd3 {[%emt 0:00:24]} 18. cxd3 {[%emt 0:00:02]} a5 {[%emt 0:00:01]} 19. e5 {[%emt 0:00:49]} dxe5 {[%emt 0:00:10]} 20. fxe5 {[%emt 0:00:01]} Be7 {[%emt 0:00:00]} 21. Ne4 {[%emt 0:01:29]} Bxe4 {[%emt 0:00:35]} 22. Rxe4 {[%emt 0:00:03]} Qc6 {[%emt 0:00:11]} 23. Rg4 {[%emt 0:00:17]} Kh8 {[%emt 0:00:31]} 24. Qf4 {[%emt 0:01:06]} Qd5 {[%emt 0:02:40]} 25. Qg3 {[%emt 0:00:40]} Rg8 {[%emt 0:00:48]} 26. Rd4 {[%emt 0:00:24]} Qc5 {[%emt 0:01:11]} 27. Rd7 {[%emt 0:00:48]} Rcd8 {[%emt 0:00:21]} 28. Rxd8 {[%emt 0:00:17]} Rxd8 {[%emt 0:00:10]} 29. d4 {[%emt 0:00:07]} Qc4 {[%emt 0:00:26]} 30. Nd2 {[%emt 0:01:48]} Qc2 {[%emt 0:01:21]} 31. Rxf7 {[%emt 0:01:25]} Bg5 {[%emt 0:00:05]} 32. Nf3 {[%emt 0:01:06]} Qd1+ {[%emt 0:00:27]} 33. Ng1 {[%emt 0:00:00]} Qxd4 {[%emt 0:00:16]} 34. h3 {[%emt 0:00:23]} Qh4 {[%emt 0:01:27]} 35. Qf3 {[%emt 0:00:58]} Kg8 {[%emt 0:01:49]} 36. Rb7 {[%emt 0:00:44]} Qf4 {[%emt 0:00:50]} 37. Rxb5 {[%emt 0:03:31]} Qxf3 {[%emt 0:00:30]} 38. Nxf3 {[%emt 0:00:06]} Bf4 {[%emt 0:00:43]} 39. Kg1 {[%emt 0:00:26]} Rd1+ {[%emt 0:01:45]} 40. Kf2 {[%emt 0:00:02]} Rb1 {[%emt 0:00:01]} 41. g3 {[%emt 0:00:07]} Bc1 {[%emt 0:00:14]} 42. b3 {[%emt 0:02:41]} Bxa3 {[%emt 0:00:07]} 43. Nd4 {[%emt 0:00:09]} Kf7 {[%emt 0:00:37]} 44. Rxa5 {[%emt 0:01:55]} Bb2 {[%emt 0:00:48]} 45. Nf3 {[%emt 0:01:01]} Bc3 {[%emt 0:00:38]} 46. Ra7+ {[%emt 0:00:28]} Kg8 {[%emt 0:00:04]} 47. Rb7 {[%emt 0:00:06]} Rd1 {[%emt 0:01:50]} 48. Ke3 {[%emt 0:00:26]} Rd5 {[%emt 0:00:39]} 49. Ke4 {[%emt 0:00:02]} g5 {[%emt 0:00:09]} 50. b4 {[%emt 0:00:08]} Kf8 {[%emt 0:00:16]} 51. b5 {[%emt 0:00:09]} Ba5 {[%emt 0:00:20]} 52. b6 {[%emt 0:00:14]} Rb5 {[%emt 0:00:15]} 53. Rb8+ {[%emt 0:00:00]} Ke7 {[%emt 0:00:11]} 54. b7 {[%emt 0:00:43]} Bc7 {[%emt 0:00:15]} 55. Rh8 {[%emt 0:00:04]} Rxb7 {[%emt 0:00:13]} 56. Rxh6 {[%emt 0:00:00]} Rb4+ {[%emt 0:00:11]} 57. Nd4 {[%emt 0:00:11]} Bb6 {[%emt 0:00:06]} 58. Rxe6+ {[%emt 0:00:00]} Kf7 {[%emt 0:00:13]} 59. Rd6 {[%emt 0:00:06]} Bc5 {[%emt 0:00:16]} 60. Rd7+ {[%emt 0:00:22]} Ke8 {[%emt 0:00:09]} 61. e6 {[%emt 0:00:00]} Ra4 {[%emt 0:00:54]} 62. Ke5 {[%emt 0:00:30]} Ra5 {[%emt 0:00:09]} 63. Nc6 {[%emt 0:00:16]} Rb5 {[%emt 0:00:22]} 64. Rd8# {[%emt 0:00:00]} 1-0

[Event "Balkan Youth Online-ch 2020"]
[Site "Online"]
[Date "2020.10.31"]
[Round "5.46"]
[White "Alivodic, Dario"]
[Black "Gavrilescu, David"]
[Result "1/2-1/2"]
[WhiteElo "2093"]
[BlackElo "2476"]
[Annotator "TA"]
[PlyCount "145"]
[EventDate "2020.10.31"]
[EventType "swiss"]
[SourceTitle "playchess.com"]
[Source "ChessBase"]
[SourceQuality "1"]

{[%evp 9,145,-31,-17,-23,-17,-20,-8,-18,-18,-18,-18,-21,-26,-21,-21,-25,-23,-24,-10,-37,-27,-33,-26,-32,-32,-49,-49,-47,-43,-64,-23,-31,83,92,84,82,68,32,40,43,25,0,0,-16,0,-3,0,-7,0,0,54,0,0,0,125,0,0,-5,0,0,599,-23,0,0,0,0,0,0,0,-517,-511,-486,-480,-551,-380,-537,-525,-711,-764,-922,-830,-817,-737,-653,0,0,0,0,0,0,0,-194,-155,-159,-162,-170,-172,-224,-229,-211,-45,-512,0,-490,0,0,0,-457,0,0,0,0,0,0,0,0,0,-27,0,0,0,0,0,0,0,0,0,0,0,0,0,0,0,0,0,0,0,0]} 1. a3 d5 2. e3 e5 3. d4 Nd7 4. Nf3 e4 5. Nfd2 {[#]} f5 $146 ({Predecessor:} 5... Bd6 6. c4 c6 7. Nc3 Ne7 8. Qb3 Nf6 9. Be2 O-O 10. O-O b6 11. g3 Bh3 {0-1 (24) Filzmaier,B (1727)-Bondar,L (1931) Bled 2018}) 6. c4 {A00: Irregular Openings.} c6 7. Nc3 Ndf6 8. Be2 Bd6 9. cxd5 cxd5 10. f4 Ne7 11. O-O O-O 12. Nb3 b6 13. Bd2 h6 14. Be1 g5 15. Bg3 Ng6 16. Rc1 a6 17. Na1 Be6 18. Nc2 Qb8 19. Qd2 Rf7 20. Nb4 b5 (20... gxf4 $15 {keeps the upper hand.} 21. Bxf4 Nxf4 22. exf4 Qb7) 21. Nc6 $16 Qf8 22. Ne5 Rg7 23. Bd1 gxf4 24. Bxf4 Nxf4 25. exf4 Kh7 26. Ne2 Rc8 27. Bb3 Qg8 28. Ng3 h5 29. Rxc8 Bxc8 (29... Qxc8 $11 30. Rd1 h4) 30. Qe2 (30. Rc1 $14) 30... Qe8 31. Rc1 h4 (31... Be6 $11 {keeps the balance.}) 32. Nh1 (32. Nf1 $16) 32... Bc7 33. Nf2 Bb6 34. Rc6 Qg8 $2 {[%mdl 8192]} (34... Qd8 $11) 35. Neg4 $2 (35. Nxe4 $18 Bxd4+ 36. Kh1 fxe4 37. Rxf6) 35... Nxg4 36. Rxb6 Qd8 $36 {[%mdl 2048] Black has some pressure.} 37. Rc6 Bb7 38. Rc5 Qf6 39. h3 $2 {[%mdl 8192]} (39. Nxg4 $11 {and White stays safe.} fxg4 40. Bxd5 Qxd4+ 41. Qf2 Qd1+ 42. Qf1 Qd4+ 43. Qf2 Qd1+ 44. Qf1 Qd4+ 45. Qf2) 39... Qxd4 $19 40. hxg4 Qxc5 41. g5 Bc6 42. Kh2 (42. Qh5+ $142 Kg8 43. Qh6) 42... Be8 43. g6+ Rxg6 44. Nh3 Rg4 45. Bd1 Qd6 46. Qf2 d4 $2 ({Black should try} 46... Rg3 $19 47. Qa7+ Bd7) 47. Bxg4 $11 fxg4 48. Qxh4+ Kg7 49. Qxg4+ Bg6 {Threatens to win with ...e3.} 50. Nf2 $2 (50. Ng5 $1 $11 {and White is okay.}) 50... Qd5 {aiming for ...e3.} 51. Qh4 e3 $1 {[%cal Re3f2]} 52. Qe7+ Qf7 $1 {[%cal Rf7e7]} 53. Qe5+ (53. Qd6 {was called for.} exf2 54. Qxd4+ Qf6 55. Qxf2) 53... Qf6 $19 54. Qc7+ Bf7 $2 (54... Kf8 $19 55. Qc8+ Kf7 $1 {[%mdl 512]} 56. Qd7+ Qe7 57. Qd5+ Kf8 58. Qxd4 e2 59. Qh8+ Kf7) 55. Ne4 $2 {[%mdl 8192]} (55. Nd3 $15) 55... Qh4+ 56. Kg1 Qe1+ 57. Kh2 {Strongly threatening Qe5+.} Qh4+ 58. Kg1 {[#]} Qh5 $2 (58... e2 $1 $19 {[%cal Re2e1]} 59. Qe5+ Kf8) 59. Qd6 Qd1+ 60. Kh2 Qh5+ 61. Kg1 $1 Qd5 62. Qf6+ $1 Kg8 63. Ng3 {Hoping for Nf5.} Be6 (63... e2 $5 64. Nxe2 d3 $17) 64. Nh5 {The position is equal.} Qxh5 65. Qxe6+ $11 {[%mdl 4096] Endgame KQ-KQ} Qf7 66. Qc8+ Kg7 67. Qg4+ Kf8 68. Qc8+ Kg7 69. Qg4+ Kh7 70. Qh4+ Kg6 71. Qg4+ Kh7 72. Qh4+ Kg7 73. Qg4+ {Av CentiPawn Loss W=-60/B=-33. Weighted=-76/-44} 1/2-1/2

[Event "Balkan Youth Online-ch 2020"]
[Site "Online"]
[Date "2020.10.31"]
[Round "5.47"]
[White "Karousos-Theodorakis, Nikolaos"]
[Black "Miletic, Vuk"]
[Result "1-0"]
[WhiteElo "2244"]
[BlackElo "2106"]
[Annotator "TA"]
[PlyCount "145"]
[EventDate "2020.10.31"]
[EventType "swiss"]
[SourceTitle "playchess.com"]
[Source "ChessBase"]
[SourceQuality "1"]

{[%evp 21,145,14,27,19,18,19,37,37,52,33,60,47,41,41,29,37,43,43,36,29,29,22,35,4,44,44,41,32,31,22,22,18,19,19,22,22,23,23,136,128,136,129,246,186,242,157,155,133,133,0,158,158,297,284,266,337,150,316,279,328,293,293,304,150,843,828,797,764,767,731,688,441,616,394,1662,1620,2510,2401,2332,2333,2132,2070,1662,1483,12155,29952,5214,5081,29984,29973,29976,29977,29977,29978,29978,29979,29979,29979,29979,29980,29980,29981,29981,29982,29982,29983,29983,29982,29984,29985,29985,29986,29986,29987,29987,29988,29988,29988,29988,29988,29988,29989,29989,29990,29990,29991]} 1. e4 c5 2. Nf3 g6 3. c4 Nc6 4. d4 cxd4 5. Nxd4 Nf6 6. Nc3 Nxd4 7. Qxd4 d6 8. f3 Bg7 9. Be3 O-O 10. Qd2 Be6 11. Be2 Qa5 12. Nd5 {B36: Sicilian: Maroczy Bind: Gurgenidze System.} Qxd2+ 13. Kxd2 Bxd5 14. cxd5 {White is slightly better.} Rfc8 15. Rac1 a6 16. Rxc8+ (16. g4 {looks sharper.} e6 17. dxe6 fxe6 18. h4 Kf7 19. Rhd1) 16... Rxc8 17. Rc1 Rxc1 18. Kxc1 $14 {[%mdl 4096] Endgame KBB-KBN} Kf8 19. Kc2 e6 {[#]} 20. Bf4 $146 ({Predecessor:} 20. dxe6 fxe6 21. b4 Ke7 22. g4 Nd7 23. f4 Nb8 24. b5 axb5 25. Bxb5 Nd7 26. h3 {1-0 (47) Petr,M (2493)-Zwardon,V (2413) Czech Republic 2016}) 20... Ke7 21. dxe6 fxe6 22. e5 dxe5 (22... Nd5 {is interesting.} 23. exd6+ Kd7 24. Bd2 Bd4 25. Bd3 Ne3+) 23. Bxe5 Ne8 24. Bxg7 Nxg7 {KB-KN} 25. Bd3 e5 26. Be4 b6 $1 27. b4 Kd6 28. Kc3 Ne6 29. Bb7 a5 (29... Nc7 $1 $11 {keeps the balance.}) 30. bxa5 $16 bxa5 31. Kc4 $1 Nd4 (31... h5 $16 {is a better defense.}) 32. Be4 $18 Ne2 (32... a4 {was called for.} 33. Kb4 a3 34. Kxa3 Kc5) 33. a4 Nd4 34. g4 g5 {[#]} 35. Ba8 ({Only move:} 35. Bb7 $1 $16) 35... h6 $2 (35... Ne6 $1 $11) 36. Be4 $16 Ke7 (36... Kc7 $16 {keeps fighting.} 37. Kd5 Kb6 38. Kxe5 Kc5) 37. Kc5 $18 Ke6 38. Kb6 Nb3 39. Bc2 Nd4 {[#]} 40. Bd1 $1 Kd5 41. Kxa5 {Black must now prevent Kb6.} Kc5 42. Ka6 (42. h3 $18 {is more deadly.} Kc6 43. Kb4) 42... Nc6 $2 {Loses the game.} (42... Kc6 $16 43. h3 Kc7) 43. Kb7 Na5+ 44. Kc7 Nc4 45. Be2 Na5 46. Kd7 Kd5 47. Ke7 e4 $2 (47... Kd4 48. Kd6 Ke3) 48. fxe4+ Kxe4 49. Kf6 Ke3 50. Bb5 Kf3 51. Bd7 Nc4 52. Kg7 Nb6 53. Bc6+ Kxg4 54. a5 Nc8 55. Kxh6 {White mates.} Na7 56. Bd7+ Kf4 57. h3 Ke5 58. Kxg5 Kd6 59. Be8 Ke7 60. Ba4 Kf7 61. a6 Nc8 62. h4 Kg7 63. h5 Kh7 64. Bd7 Nb6 65. Bf5+ Kg7 66. h6+ Kh8 67. a7 Kg8 68. Kf6 Na8 69. Be4 Nb6 70. Ke6 Kh8 71. Bb7 ({Weaker is} 71. Kf7 Nc8 $11) 71... Kh7 72. Kd6 Nc4+ 73. Kc5 {Av CentiPawn Loss W=269/B=332. Weighted=95/95} 1-0

[Event "Balkan Youth Online-ch 2020"]
[Site "Online"]
[Date "2020.10.31"]
[Round "5.48"]
[White "David, Bogdan-Emanuel"]
[Black "Omorjan, Dejan"]
[Result "0-1"]
[WhiteElo "2092"]
[BlackElo "2259"]
[Annotator "TA"]
[PlyCount "96"]
[EventDate "2020.10.31"]
[EventType "swiss"]
[SourceTitle "playchess.com"]
[Source "ChessBase"]
[SourceQuality "1"]

{[%evp 14,96,29,33,36,34,42,21,58,28,37,36,37,0,0,-106,-106,-152,-148,-235,-228,-450,-441,-445,-445,-506,-513,-504,-464,-448,-445,-441,-450,-396,-355,-519,-413,-597,-541,-882,-865,-1293,-1112,-1097,-1092,-1117,-905,-897,-885,-1085,-1106,-1114,-1105,-1117,-1070,-1051,-595,-554,-553,-528,-512,-513,-489,-764,-716,-819,-819,-731,-612,-2126,-2047,-29980,-10864,-29984,-29985,-29986,-29987,-29987,-29986,-29991,-29992,-29992,-29987,-29987,-29988]} 1. e4 c6 2. d4 d5 3. Nc3 dxe4 4. Nxe4 Nf6 5. Nxf6+ exf6 6. c3 Bd6 7. Bd3 O-O 8. Qc2 Re8+ {B15: Caro-Kann: 3 Nc3: 3...g6 and 3...dxe4 4 Nxe4 Nf6 5 Nxf6+ exf6.} 9. Ne2 h5 $1 {9...h5 is better than 9...h6.} 10. h3 h4 {The position is equal.} 11. Be3 Nd7 12. O-O-O Nf8 13. Rhg1 {[#]} Bh2 $146 ({Predecessor:} 13... Qa5 14. Kb1 Be6 15. b3 Qc7 16. g3 Bd5 17. gxh4 Bh2 18. Ng3 Bf3 19. Nf5 g6 {1-0 (47) Dixit,N (2318)-Ojas,K (2251) Paris 2019}) 14. Rgf1 (14. Rh1 $11 Bd6 15. Kb1) 14... Qd5 $1 $17 {[%csl LRa2,LRg2]} 15. c4 Qxg2 16. Qd2 (16. Ng1 $17 {is a better defense.}) 16... Bxh3 $19 17. f4 $2 (17. Nc3 {keeps fighting.}) 17... Qxf1 18. Rxf1 Bxf1 19. Bf2 Bxe2 20. Bxe2 {[#]} Bxf4 $1 {[%mdl 64] Deflection} 21. Qxf4 Rxe2 22. Qxh4 Rae8 23. Qg3 R8e4 24. a3 (24. Qf3 $142) 24... a5 25. a4 (25. Qf3 {was worth a try.} Ne6 26. Kd1) 25... f5 26. b3 Ra2 {Threatens to win with ...Ree2.} 27. d5 Ree2 {[%cal Ra2a1]} 28. Bd4 Rg2 29. Qf3 Rac2+ 30. Kb1 Rce2 31. Qf1 {[#]} f4 $1 32. Kc1 {[#]} (32. Qxf4 Re1+) 32... f3 $1 33. d6 {[#]} (33. Qxf3 Re1+) 33... c5 $1 34. Bxc5 f2 {( -> ...Re1+)} 35. Qxe2 Rg1+ $1 36. Kd2 f1=Q 37. Bxg1 Qxg1 38. Qe7 (38. Qe5 $142) 38... Qd4+ 39. Kc2 b6 40. Qc7 f5 41. b4 axb4 {[%cal Ba5b4,Bb4b3][%mdl 32]} 42. a5 bxa5 (42... Qc3+ $142 43. Kd1 b3 44. Qxb6 Qc2+ 45. Ke1 b2 46. c5 b1=Q+ 47. Qxb1 Qxb1+ 48. Kf2 Qc2+ {[%mdl 64] Double Attack} 49. Ke3 Qc3+ 50. Kf2 Qd2+ 51. Kf3 Ne6 52. d7 Ng5+ 53. Kg3 Ne4+ {[%mdl 64] Double Attack} 54. Kh3 Qe3+ 55. Kh2 Qg3+ 56. Kh1 Nf2#) 43. c5 a4 {Black mates.} 44. Qb6 b3+ 45. Kc1 f4 46. Qb5 f3 47. c6 Qxd6 48. Qc4+ Qe6 {White did not feel at home in the position after the opening. Av CentiPawn Loss W=-137/B=-62. Weighted=-215/-54} 0-1

[Event "Balkan Youth Online-ch 2020"]
[Site "Online"]
[Date "2020.10.31"]
[Round "5.49"]
[White "Tisaj, Domen"]
[Black "Vogli, Erjon"]
[Result "1-0"]
[WhiteElo "2274"]
[BlackElo "1512"]
[Annotator "TA"]
[PlyCount "135"]
[EventDate "2020.10.31"]
[EventType "swiss"]
[SourceTitle "playchess.com"]
[Source "ChessBase"]
[SourceQuality "1"]

{[%evp 14,135,22,18,45,4,37,18,62,61,58,42,43,37,28,41,62,69,84,81,103,105,102,104,112,97,91,79,82,36,34,41,28,0,0,0,0,-13,-14,-16,-17,-42,-29,-34,-23,-27,-15,-15,-5,-24,-18,-17,-5,-6,-8,-12,-6,-9,-4,-7,-2,-80,-85,-79,0,0,0,0,0,-11,0,0,0,0,19,19,17,0,7,0,0,0,0,0,0,-6,-2,-20,0,0,0,-8,0,-4,-4,-5,0,-26,0,-62,-62,-63,-77,-89,-86,-68,-60,-49,-11,-11,-12,-12,-12,-12,-18,-50,0,0,116,0,8,8,29986,29987]} 1. d4 Nf6 2. c4 e6 3. Nc3 d5 4. cxd5 exd5 5. Bg5 Be7 6. e3 O-O 7. Bd3 h6 8. Bh4 Bg4 {D35: Queen's Gambit Declined: Exchange Variation.} 9. Qc2 Nbd7 10. Nge2 c5 {The position is equal.} 11. O-O {[#]} Rc8 $146 ({Predecessor:} 11... cxd4 12. Nxd4 Rc8 13. Bf5 Bxf5 14. Nxf5 a6 15. Qd1 Bb4 16. Nxd5 Qa5 17. Nxf6+ Nxf6 {1-0 (27) Polyakin,V (2121)-Aziz,H ICC INT 2009}) 12. h3 Bxe2 13. Qxe2 cxd4 14. exd4 Re8 15. Qf3 Nb6 16. Rfe1 a6 17. Re2 Ne4 18. Bxe7 ({Of course not} 18. Nxe4 $6 Bxh4 19. Nc5 Rxe2 $11) 18... Rxe7 19. Nxe4 dxe4 20. Rxe4 Rd7 21. Qf5 {Intending Re7! and mate.} g6 22. Qf4 Kg7 23. Rae1 Nd5 24. Qg3 Nf6 25. Re5 {Threatens to win with Bf5.} ({Don't blunder} 25. Qe5 $2 Rd5 $19) 25... Rcc7 26. d5 Nxd5 {[%cal Bf6d5,Bd5b4,Bb4c2][%mdl 32]} 27. Re8 Qf6 28. b3 Nb4 29. Bb1 Nc2 30. Rc1 Qb2 31. Qe5+ (31. Rf1 {seems wilder.} Qc3 32. Qxc3+ Rxc3 33. Rc1 Rd2 34. Re7) 31... Qxe5 32. Rxe5 Nb4 (32... Kf6 {is more complex.} 33. Re4 Na3 34. Rf4+ Ke5 35. Re4+ Kd5) 33. Rxc7 $1 Rxc7 $11 {[%mdl 4096] Endgame KRB-KRN} 34. Re1 b5 35. Kf1 Kf6 36. Rd1 Ke5 37. Ke2 (37. Re1+ $11 Kf6 38. Rd1) 37... Nd5 $17 38. Kd2 {[#]} Nf4 (38... Nc3 $1 $17 39. Rc1 Ne4+ 40. Bxe4 Rxc1 41. Kxc1 Kxe4) 39. Re1+ $11 Kd6 40. Be4 Re7 41. Re3 b4 42. h4 Kc5 43. g3 Ne6 44. Bd3 Rd7 45. Kc2 Nd4+ 46. Kb2 a5 47. Bc4 Nc6 {Threatening ...Rd2+.} 48. Kc2 f6 49. Kc1 Ne5 50. Be2 Rd6 51. f4 Nc6 52. Re8 g5 53. Rh8 gxf4 54. gxf4 Nd4 55. Bg4 f5 56. Bd1 (56. Bh5 $11) 56... Kd5 $15 57. Ra8 Ke4 58. Rxa5 Kxf4 59. Ra4 Nc6 60. a3 Rd4 61. Ra6 Ne5 {With the idea ...Nd3+.} 62. a4 Ke3 {White must now prevent ...Nd3+.} 63. Rxh6 Nd3+ 64. Kc2 {White wants to play Re6+.} Nf2 {[%mdl 1024] aiming for ...Rd2+. Black has compensation.} 65. Re6+ Ne4 {[#]} (65... Kf4 $1 $11 66. Re1 Rd3) 66. h5 (66. Kc1 $1 $16) 66... Rd2+ 67. Kc1 {Strongly threatening h6.} f4 $2 {[%mdl 8192] [#]} (67... Rh2 $11) 68. Rxe4+ $1 {[%mdl 576] Remove Defender. Av CentiPawn Loss W=-10/B=-26. Weighted=-12/-52} 1-0

[Event "Balkan Youth Online-ch 2020"]
[Site "Online"]
[Date "2020.10.31"]
[Round "5.50"]
[White "Akdag, Omer Amir"]
[Black "Zvezdakoski Matej"]
[Result "1-0"]
[WhiteElo "1970"]
[BlackElo "1917"]
[Annotator "ChessBase"]
[PlyCount "77"]
[EventDate "2020.10.31"]
[EventType "swiss"]
[SourceTitle "playchess.com"]
[Source "ChessBase"]
[SourceQuality "1"]
[TimeControl "1500+5"]

1. d4 {[%emt 0:00:00]} Nf6 {[%emt 0:00:00]} 2. Nf3 {[%emt 0:00:00]} e6 {[%emt 0:00:00]} 3. e3 {[%emt 0:00:11]} d5 {[%emt 0:00:00]} 4. Bd3 {[%emt 0:00:00]} c5 {[%emt 0:00:00]} 5. b3 {[%emt 0:00:00]} Be7 {[%emt 0:00:00]} 6. Bb2 {[%emt 0:00:00]} O-O {[%emt 0:00:00]} 7. O-O {[%emt 0:00:00]} b6 {[%emt 0:00:00]} 8. Qe2 {[%emt 0:02:30]} Bb7 {[%emt 0:01:25]} 9. Ne5 {[%emt 0:00:32]} Nbd7 {[%emt 0:01:40]} 10. Nd2 {[%emt 0:01:07]} Rc8 {[%emt 0:01:48]} 11. Rad1 {[%emt 0:01:21]} Ne4 {[%emt 0:06:06]} 12. Bxe4 {[%emt 0:10:35]} dxe4 {[%emt 0:00:12]} 13. Ndc4 {[%emt 0:02:53]} b5 {[%emt 0:06:31]} 14. dxc5 {[%emt 0:02:30]} Bd5 {[%emt 0:02:34]} 15. Nxd7 {[%emt 0:02:38]} Qxd7 {[%emt 0:00:14]} 16. Ne5 {[%emt 0:00:13]} Qb7 {[%emt 0:01:39]} 17. c4 {[%emt 0:00:51]} bxc4 {[%emt 0:00:27]} 18. bxc4 {[%emt 0:00:16]} Bc6 {[%emt 0:00:00]} 19. Rb1 {[%emt 0:00:08]} Qc7 {[%emt 0:00:30]} 20. Bd4 {[%emt 0:00:19]} f6 {[%emt 0:00:24]} 21. Nxc6 {[%emt 0:00:04]} Qxc6 {[%emt 0:00:00]} 22. Rb5 {[%emt 0:00:10]} e5 {[%emt 0:00:12]} 23. Bb2 {[%emt 0:00:14]} Bxc5 {[%emt 0:00:07]} 24. Rd1 {[%emt 0:00:00]} Rfd8 {[%emt 0:00:03]} 25. h3 {[%emt 0:00:00]} Bb6 {[%emt 0:00:26]} 26. Rbd5 {[%emt 0:00:00]} Rxd5 {[%emt 0:01:46]} 27. cxd5 {[%emt 0:00:00]} Qc2 {[%emt 0:00:26]} 28. Rd2 {[%emt 0:00:00]} Qb1+ {[%emt 0:00:29]} 29. Kh2 {[%emt 0:00:00]} Ba5 {[%emt 0:00:01]} 30. Qa6 {[%emt 0:00:23]} Bxd2 {[%emt 0:00:19]} 31. Qxc8+ {[%emt 0:00:00]} Kf7 {[%emt 0:00:00]} 32. Ba3 {[%emt 0:00:20]} Bb4 {[%emt 0:00:00]} 33. d6 {[%emt 0:00:12]} Bxa3 {[%emt 0:00:00]} 34. d7 {[%emt 0:00:00]} Be7 {[%emt 0:00:17]} 35. Qe8+ {[%emt 0:00:00]} Ke6 {[%emt 0:00:00]} 36. d8=Q {[%emt 0:00:00]} Qb7 {[%emt 0:00:00]} 37. Qg8+ {[%emt 0:00:00]} Kf5 {[%emt 0:00:00]} 38. g4+ {[%emt 0:00:00]} Kg6 {[%emt 0:00:00]} 39. Qde8+ {[%emt 0:00:00]} 1-0